Riadenie štátneho dlhu v trhovej ekonomike dizertačná práca
Salvato in:
| Autore principale: | |
|---|---|
| Ente Autore: | |
| Altri autori: | |
| Natura: | Libro |
| Lingua: | slovacco |
| Pubblicazione: |
Bratislava
2006
|
| Soggetti: | |
| Tags: |
Nessun Tag, puoi essere il primo ad aggiungerne!!
|
MARC
| LEADER | 00000nam$a2200000$$$4500 | ||
|---|---|---|---|
| 001 | 0054924 | ||
| 005 | 20240104135450.1 | ||
| 041 | 0 | |a slo | |
| 044 | |a SK | ||
| 245 | 1 | 0 | |a Riadenie štátneho dlhu v trhovej ekonomike |b dizertačná práca |c Vladimír Polavka ; školiteľ: Rudolf Sivák |
| 264 | 1 | |a Bratislava |c 2006 | |
| 300 | |a 143 s. | ||
| 610 | 2 | 0 | |a dlhy štátne |
| 610 | 2 | 0 | |a politika fiškálna |
| 610 | 2 | 0 | |a riziko |
| 610 | 2 | 0 | |a miera inflácie |
| 610 | 2 | 0 | |a cykly hospodárske |
| 610 | 2 | 0 | |a Európska únia |
| 610 | 2 | 0 | |a Slovensko |
| 610 | 2 | 0 | |a likvidita |
| 610 | 2 | 0 | |a agentúry |
| 100 | 1 | |a Polavka, Vladimír | |
| 700 | 1 | |a Sivák, Rudolf, 1955- | |
| 710 | 2 | |a Národohospodárska fakulta EU. Katedra bankovníctva a medzinárodných financií | |